| 000 | 01120cam a2200325 a 4500 | ||
|---|---|---|---|
| 001 | 15490414 | ||
| 003 | OSt | ||
| 005 | 20260504121011.0 | ||
| 008 | 081020s2009 enka b 001 0 eng | ||
| 010 | _a 2008045022 | ||
| 020 | _a9789354640773 | ||
| 035 | _a15490414 | ||
| 035 | _a(OCoLC)255894625 | ||
| 040 |
_aDLC _cDLC _dBTCTA _dBWKUK _dYDXCP _dBWK _dCDX _dBWX _dDLC |
||
| 082 | 0 | 0 |
_a530.12 _bZET |
| 100 | 1 |
_aZettili, Nouredine. _93807 |
|
| 245 | 1 | 0 |
_aQuantum mechanics : _bconcepts and applications / _cNouredine Zettili. |
| 250 | _a2/e | ||
| 260 |
_aNew Delhi. : _bWiley India Pvt. Ltd., _cc2022. |
||
| 300 | _axviii,829p. : | ||
| 336 |
_atext _btxt _2rdacontent |
||
| 337 |
_aunmediated _bn _2rdamedia |
||
| 338 |
_avolume _bnc _2rdacarrier |
||
| 504 | _aIncludes bibliographical references and index. | ||
| 650 | 0 |
_aQuantum theory. _9827 |
|
| 906 |
_a7 _bcbc _corignew _d1 _eecip _f20 _gy-gencatlg |
||
| 942 |
_2ddc _cBK |
||
| 999 |
_c1922 _d1922 |
||